000 00536nam a22001817a 4500
005 20240909090317.0
008 240909b |||||||| |||| 00| 0 eng d
020 _a0409033200
041 _aEnglish
082 _a347.6 HOF
100 _lEnglish
245 _aSouth African Law of Evidence /
_cL.H. Hoffmann
250 _aSecond Edition
260 _aDurban:
_bButterworth and Company (Pty) Ltd,
_c1970
300 _blxvi, 461 pages;
_c23 cm.
650 _aLegal practice
_bLaw
942 _cBK
_6ALISON_BN_VRIES
999 _c3024
_d3024